Statistiques concernant Mot mystérieux - Série 57

Cliquez ici pour prendre le quiz!

Statistiques générales

  • Ce quiz a été pris 48 fois
  • Le résultat moyen est 7 sur 10

Statistiques - réponses

IndicesMot% Correct
morte - érable - papier - choufeuille
91%
date - gâteau - mariage - joyeuxanniversaire
89%
masculin - féminin - littéraire - humaingenre
73%
bal - soupe - banque - secourspopulaire
69%
sec - chocolat - anniversaire - rizgâteau
69%
salaire - bleue - noir - mortpeur
62%
funéraire - électorale - mariage - bulletinurne
60%
bois - argent - soupe - cafécuillère
56%
piété - blanc - marsan - oliviersmont
51%
moqueur - grive - blanc - siffleurmerle
49%

Distribution des résultats

Percentile par nombre de réponses

% des personnes avec chaque résultat

Votre développement - résultats

Vous n’avez pas pris ce quiz